00581nam a2200169 a 450000100100000000500170001000800410002704000250006808200150009310000300010824500710013826000360020930000270024504900090027295201130028199900170039400001773420200929165218.0100331s2005 dr a 000 0 spa d aDO-SdBNPbspacBNPHU axxxxbK82c1 aKonki, la payasita93858910aCómo llegar de la pobreza a la riqueza /cDigna Cabrera Polanco. aSanto Domingo :b[s.n.],c2005. a55 p. :bil. ;c18 cm. aBNPD 0010718PDaGRbGRcCTd2010-03-31iLF1l0oxxxx K82cp17734-10r2020-06-25w2020-06-25yLFPDZNo se presta c17259d17259